| Tag |
First Indicator |
Second Indicator |
Subfields |
| LEADER |
00000cam a22000008a 4500 |
| 001 |
in00000077781 |
| 005 |
20151008053840.0 |
| 008 |
810409s1982 nyua b 00110 eng |
| 010 |
|
|
|a 81005965
|
| 020 |
|
|
|a 0070227802 :
|c $18.50 (est.)
|
| 035 |
|
|
|a (OCoLC)07464346
|
| 035 |
|
|
|9 AAH8846AM
|
| 039 |
0 |
|
|a 2
|b 3
|c 3
|d 3
|e 3
|
| 040 |
|
|
|a DLC
|c DLC
|d TXA
|d UtOrBLW
|
| 049 |
|
|
|a TXAM
|c [1672015]
|
| 050 |
0 |
0 |
|a HG4523
|b .G37
|
| 082 |
0 |
|
|a 332.63/2
|2 19
|
| 100 |
1 |
|
|a Garbade, Kenneth D.
|
| 245 |
1 |
0 |
|a Securities markets /
|c Kenneth Garbade.
|
| 263 |
|
|
|a 8201
|
| 264 |
|
1 |
|a New York :
|b McGraw-Hill,
|c [1982]
|
| 264 |
|
4 |
|c ©1982
|
| 300 |
|
|
|a xii, 532 pages :
|b illustrations ;
|c 25 cm.
|
| 336 |
|
|
|a text
|b txt
|2 rdacontent
|
| 337 |
|
|
|a unmediated
|b n
|2 rdamedia
|
| 338 |
|
|
|a volume
|b nc
|2 rdacarrier
|
| 490 |
1 |
|
|a McGraw-Hill series in finance
|
| 500 |
|
|
|a Includes index.
|
| 504 |
|
|
|a Bibliography: pages 503-527.
|
| 650 |
|
0 |
|a Capital market.
|
| 650 |
|
0 |
|a Securities.
|
| 650 |
|
0 |
|a Stock exchanges.
|
| 830 |
|
0 |
|a McGraw-Hill series in finance.
|
| 999 |
|
|
|a MARS
|
| 999 |
f |
f |
|s 053e09a8-af8e-3ffc-a134-2ac645f80c71
|i 6ce5c389-aab6-3fed-8df8-e04dda765206
|t 0
|
| 952 |
f |
f |
|p ric
|a Texas A&M University
|b Rellis Campus
|c Joint Library Facility
|d Remote Storage
|t 0
|e HG4523 .G37
|h Library of Congress classification
|i unmediated -- volume
|m A14806137747
|
| 998 |
f |
f |
|a HG4523 .G37
|t 0
|l Remote Storage
|